02038cam a22003374a 450000100090000000300120000900500170002100800410003801000170007902000190009604000180011504200080013305000240014108200290016510000230019424501130021726000930033030000350042350400510045852006290050965000330113865000560117165000600122770000200128770000220130790600450132994200120137499900190138695201470140595201480155216346371Nust- CAS-E20180118181403.0100723s2011 enka b 001 0 eng  a 2010031106 a9780470057513  aDLCcDLCdDLC apcc00aTK7872.C8bT46 201100a621.31/244222bTEO 20111 aTeodorescu, Remus.10aGrid converters for photovoltaic and wind power systems /cRemus Teodorescu, Marco Liserre, Pedro Rodriguez. a[Piscataway, N.J.] :bIEEE ;aChichester, West Sussex ;aHoboken, N.J. :bWiley,c2011. axvii, 398 p. :bill. ;c25 cm. aIncludes bibliographical references and index. a"Grid Converters for Photovoltaic and Wind Power Systems provides a comprehensive description of the control of grid converters for photovoltaic and wind power systems. The authors present a range of control methods for meeting the latest application, power quality and power conversion requirements and standards, as well as looking towards potential future control functions. Practical examples, exercises, and an accompanying website with simulation models using Matlab and Simulink environments, and PSIM software make this text a pragmatic resource for electrical engineers as well as students taking related courses"-- 0aElectric current converters. 0aPhotovoltaic power systemsxEquipment and supplies. 0aWind energy conversion systemsxEquipment and supplies.1 aLiserre, Marco.1 aRodriguez, Pedro. a7bcbccorignewd1eecipf20gy-gencatlg 2ddccBK c355494d355494 00102ddc 40708NFICaCAS-EbCAS-EcGENd2013-04-17eVictoria col0o621.31/244 TEO 2011pCAS-E0000206r2014-09-23v18008.00w2014-09-23yBK 00102ddc40708NFICaCAS-EbCAS-EcDISPLAYd2015-12-23eIqra g12370.00l0o621.31244 TEO-G 2011pCAS-E0001064r2015-12-23t2w2015-12-23yBK